| 000 | 005210000a22001810004500 | ||
|---|---|---|---|
| 003 | MACL | ||
| 005 | 20160301140840.0 | ||
| 008 | 160301b xxu||||| |||| 00| 0 eng d | ||
| 040 |
_aMACL _cMACL |
||
| 041 | _aHindi | ||
| 082 | _a891.431 | ||
| 100 |
_aमहेन्द्र भटनागर _939883 |
||
| 245 | _aतारों के गीत | ||
| 260 |
_bगयाप्रसाद एण्ड संस _c1949 _aआगरा |
||
| 350 | _a1 | ||
| 650 |
_aPoetry _941628 |
||
| 942 |
_cHIN _k891.431 _2ddc |
||
| 999 |
_c24001 _d24001 |
||